| 000 | 00665nam a2200205Ia 4500 | ||
|---|---|---|---|
| 003 | GCL | ||
| 008 | 140319s9999 xx 000 0 ara d | ||
| 020 | _a5126293977 | ||
| 040 |
_aGCL / _cGCL |
||
| 082 | 0 | 4 |
_a741.5 _bع ك |
| 100 | 1 | _aعمرو فهمى | |
| 245 | 1 | 0 |
_aالكاريكاتير : الفن المشاغب تاريخ ومدارسه / _cعمرو فهمى |
| 260 |
_aالقاهرة : _bمكتبة الدار العربية للكتاب ، _c2002 |
||
| 300 |
_a152 ص ؛ _c24 سم |
||
| 650 | 0 | 4 | _aالصور |
| 650 | 0 | 4 | _aالكاريكاتير |
| 650 | 0 | 4 | _aصور الاشخاص |
| 650 | 0 | 4 | _aالكاريكاتير - تاريخ |
| 942 |
_2ddc _cBK |
||
| 999 |
_c6146 _d6146 |
||